All Bus Stops on London Bus Route 69 - Statistics

General Stats
  • This quiz has been taken 9 times
  • The average score is 26 of 50
Answer Stats
Answer % Correct
Buckingham Road
100%
Burgess Road
100%
Canning Town Bus Station
100%
Colchester Road
100%
Drapers Field
100%
Grange Park Road
100%
Grosvenor Park Road
100%
Grove Road
100%
Leyton Green
100%
Leyton Library
100%
Leyton Midland Road Station
100%
Leyton Sports Ground
100%
Leyton Station
100%
Maryland Station
100%
Millais Road
100%
Plaistow Station
100%
Stratford Bus Station
100%
The Grove
100%
Vicarage Road
100%
Walthamstow Bus Station
100%
Bakers Avenue
50%
Canning Town Station
50%
Edith Road
50%
Hermit Road
50%
Hoe Street / Bakers Arms
50%
Lea Bridge Road / Bakers Arms
50%
Manbey Grove
50%
Plaistow Grove
50%
Rathbone Market
50%
Star Lane
50%
Stratford Broadway
50%
Stratford Library
50%
Barnby Street
0%
Blake Road
0%
Brunswick Road
0%
Chobham Road
0%
Church Street
0%
East London Cemetery
0%
Florence Road
0%
High Street Plaistow
0%
Janson Road
0%
Ladysmith Road
0%
Maryland Station / Manbey Grove
0%
Morley Road
0%
Paul Street
0%
Queens Road
0%
Stephens Court
0%
Stratford Centre / Moorfields Eye Hospital
0%
Suffolk Road
0%
Upper Road / Grange Road
0%
No matching quizzes found
Score Distribution
Percent of People with Each Score
Percentile by Number Answered
Your Score History
You have not taken this quiz